• 首页
  • 本馆介绍
  • 公告通知
  • 最新文献
  • 馆藏检索
  • 电子资源
  • 读者导购
  • 参考咨询
  • 我的图书馆
  • 登录
  • 详细信息显示
  • 放入我的书架
  • 预约/预借图书
  • 作者相关作品
  • 分类相关作品
  • 丛书相关作品
  • 出版社相关作品

书目信息

  • 表格格式
  • 工作单格式
  • 卡片格式
题名:
柏拉图全集
    
 
作者: 柏拉图 著 ;王晓朝 译
分册: 4  
出版信息: 北京   人民出版社  2017.02
页数: 168页
开本: 23cm
丛书名:
单 册:
中图分类: B502.232
科图分类:
主题词: 古希腊罗马哲学
电子资源:
ISBN: 978-7-01-016838-8
000 00859nam0 2200265 450
001 0120172135896
005 20170908105559.18
010    @a978-7-01-016838-8@dCNY28.00
100    @a20170317d2017 em y0chiy50 ea
101 1  @achi@cgre
102    @aCN@b110000
105    @ay z 001yy
106    @ar
200 1  @a柏拉图全集@9bai la tu quan ji@h4@f(古希腊)柏拉图著@g王晓朝译
205    @a增订版
210    @a北京@c人民出版社@d2017.02
215    @a168页@d23cm
330    @a本书是《柏拉图全集》增订本第四册,本册包括普罗泰戈拉篇、美诺篇、欧绪德谟篇三篇对话。
333    @a古典文化著作研究人员
606 0  @a古希腊罗马哲学
690    @aB502.232@v5
701  0 @c(古希腊)@a柏拉图@9bo la tu@c(Platon@f公元前427-前347)@4著
702  0 @a王晓朝@9wang xiao zhao@f(1953-)@4译
801  0 @aCN@b人天书店@c20170317
905    @b997720-25@dB502.232@e101:4=2@f6
    
    柏拉图全集.4/(古希腊)柏拉图著/王晓朝译.-增订版.-北京:人民出版社,2017.02
    168页;23cm
    使用对象:古典文化著作研究人员
    
    ISBN 978-7-01-016838-8:CNY28.00
    本书是《柏拉图全集》增订本第四册,本册包括普罗泰戈拉篇、美诺篇、欧绪德谟篇三篇对话。
●
相关链接 在E读中查询图书 在五车中查询图书 在当当中查询图书 在豆瓣中查询图书


正题名:柏拉图全集     索取号:B502.232/101:4=2         预约/预借

序号 登录号 条形码 馆藏地/架位号 状态 备注
1 997720   209977202   第一样本阅览室/ [索取号:B502.232/101:4=2] 在馆    
2 997721   209977211   第一借阅区/ [索取号:B502.232/101:4=2] 在馆    
3 997722   209977220   第一借阅区/ [索取号:B502.232/101:4=2] 在馆    
4 997723   209977239   第一借阅区/ [索取号:B502.232/101:4=2] 在馆    
5 997724   209977248   第一借阅区/ [索取号:B502.232/101:4=2] 在馆    
6 997725   209977257   密集书库-史法系/ [索取号:B502.232/101:4=2] 在馆    
唐山师范学院图书馆 欢迎您!
大连网信软件有限公司© 版权所有